Etika a ekologie
Vzťah etiky k ekonomii a trhu. Ekonomický prospech etiky. Členenie etiky. Etika a verejná správa. Uplatnenie a naliehavosť jednotlivých foriem podpory etiky.
Salvato in:
| Autore principale: | |
|---|---|
| Natura: | Capitolo di libro |
| Lingua: | ceco |
| Soggetti: | |
| Tags: |
Nessun Tag, puoi essere il primo ad aggiungerne!!
|
MARC
| LEADER | 00000naa a2200000 4500 | ||
|---|---|---|---|
| 001 | r034264 | ||
| 005 | 20230928073527.6 | ||
| 041 | 0 | |a cze | |
| 044 | |a SK | ||
| 245 | 1 | 0 | |a Etika a ekologie |c Radim Roudný |
| 520 | |a Vzťah etiky k ekonomii a trhu. Ekonomický prospech etiky. Členenie etiky. Etika a verejná správa. Uplatnenie a naliehavosť jednotlivých foriem podpory etiky. | ||
| 610 | 2 | 0 | |a etika |
| 610 | 2 | 0 | |a etika podnikateľská |
| 610 | 2 | 0 | |a ekológia |
| 610 | 2 | 0 | |a správa verejná |
| 610 | 2 | 0 | |a správanie |
| 610 | 2 | 0 | |a morálka |
| 610 | 2 | 0 | |a kontrola |
| 100 | 1 | |a Roudný, Radim | |